Sports Quiz

Random Sports or NHL Quiz

40 Goal NHL Seasons Since 2000 Quiz Stats

 Plays Quiz Updated Jul 7, 2017

Score 0/110 Timer 10:00
2 Plays Today
Season Player % Correct
2016-17Sidney Crosby
97%
2009-10Sidney Crosby
96.9%
2017-18Alex Ovechkin
96.2%
2005-06Alexander Ovechkin
96%
2006-07Alexander Ovechkin
96%
2007-08Alexander Ovechkin
96%
2008-09Alexander Ovechkin
96%
2009-10Alexander Ovechkin
96%
2013-14Alex Ovechkin
95.9%
2014-15Alex Ovechkin
95.5%
2015-16Alex Ovechkin
95.3%
2017-18Evgeni Malkin
91.2%
2007-08Evgeni Malkin
91.2%
2015-16Patrick Kane
91%
2011-12Evgeni Malkin
90.9%
2014-15Steven Stamkos
89.9%
2009-10Steven Stamkos
89.8%
2011-12Steven Stamkos
89.5%
2017-18Connor McDavid
88.1%
2001-02Jarome Iginla
85.9%
2003-04Jarome Iginla
85.9%
2007-08Jarome Iginla
85.9%
2003-04Rick Nash
85.7%
2008-09Rick Nash
85.7%
2010-11Steven Stamkos
85.5%
1999-00Jaromir Jagr
85.4%
2000-01Jaromir Jagr
85.4%
2005-06Jaromir Jagr
85.4%
2014-15Rick Nash
84.6%
2010-11Daniel Sedin
83.6%
2017-18Tyler Seguin
83.5%
2013-14Corey Perry
82.8%
2006-07Martin St. Louis
82.7%
2015-16Jamie Benn
82.7%
2016-17Austen Matthews
81.6%
2010-11Jarome Iginla
81.3%
2003-04Ilya Kovalchuk
80.3%
Season Player % Correct
2005-06Ilya Kovalchuk
80.3%
2006-07Ilya Kovalchuk
80.3%
2007-08Ilya Kovalchuk
80.3%
2008-09Ilya Kovalchuk
80.3%
2009-10Ilya Kovalchuk
80.3%
2017-18Eric Staal
79.9%
2010-11Corey Perry
79.5%
2017-18William Karlsson
79.3%
2017-18Patrik Laine
78.5%
2005-06Eric Staal
78%
2008-09Eric Staal
78%
2007-08Henrik Zetterberg
76.9%
2016-17Nikita Kucherov
76.8%
2009-10Patrick Marleau
76.7%
2015-16Vladimir Tarasenko
76.1%
2000-01Joe Sakic
75.8%
2005-06Daniel Alfredsson
75%
2007-08Daniel Alfredsson
75%
2002-03Dany Heatley
74.6%
2005-06Dany Heatley
74.6%
2006-07Dany Heatley
74.6%
2007-08Dany Heatley
74.6%
2005-06Teemu Selanne
74.2%
2006-07Teemu Selanne
74.2%
2006-07Vincent Lecavalier
73.7%
2007-08Vincent Lecavalier
73.7%
1999-00Pavel Bure
71.7%
2000-01Pavel Bure
71.7%
2007-08Marian Gaborik
66.9%
2009-10Marian Gaborik
66.9%
2002-03Marian Hossa
66%
2006-07Marian Hossa
66%
2008-09Marian Hossa
66%
2013-14Joe Pavelski
65.9%
2011-12Marian Gaborik
65.1%
2000-01Patrik Elias
63.5%
2017-18Anders Lee
61.8%
Season Player % Correct
2008-09Zach Parise
61.8%
1999-00Paul Kariya
60.3%
2000-01Markus Naslund
59.4%
2001-02Markus Naslund
59.4%
2002-03Markus Naslund
59.4%
2001-02Mats Sundin
59.3%
2006-07Thomas Vanek
59.2%
2008-09Thomas Vanek
59.2%
2011-12James Neal
58.3%
2005-06Jonathan Cheechoo
57.1%
2009-10Alexander Semin
56.6%
2010-11Ryan Kesler
55.3%
2000-01Milan Hejduk
52.8%
2002-03Milan Hejduk
52.8%
2008-09Jeff Carter
52.6%
1999-00Brendan Shanahan
50.7%
2005-06Brendan Shanahan
50.7%
2002-03Todd Bertuzzi
48.8%
2000-01Peter Bondra
44.1%
1999-00John Leclair
43.7%
2000-01Alexei Yashin
41.1%
2005-06Simon Gagne
39.2%
2006-07Simon Gagne
39.2%
1999-00Owen Nolan
38.8%
2005-06Brian Gionta
38.4%
2000-01Alexei Kovalev
36.9%
1999-00Tony Amonte
36.1%
2001-02Glen Murray
32.6%
2002-03Glen Murray
32.6%
2000-01Alexander Mogilny
31.1%
2000-01Bill Guerin
30.3%
2001-02Bill Guerin
30.3%
2006-07Jason Blake
28.7%
2007-08Brad Boyes
26.9%
2000-01Jeff O'Neill
18.7%
2000-01Scott Young
15.7%

You're not logged in!

Compare scores with friends on all Sporcle quizzes.
OR
Log In

You Might Also Like...

Show Comments

Extras

Top Quizzes Today


Score Distribution

Your Account Isn't Verified!

In order to create a playlist on Sporcle, you need to verify the email address you used during registration. Go to your Sporcle Settings to finish the process.

Report this User

Report this user for behavior that violates our Community Guidelines.

Details: